Statistics for Pokémon with Alternate Forms Quiz

Click here to take the quiz!

General Stats

  • This quiz has been taken 563 times
    (552 since last reset)
  • The average score is 11 of 24

Answer Stats

Answer% Correct
Giratina
64%
Shaymin
64%
Castform
59%
Meloetta
58%
Deoxys
57%
Keldeo
57%
Kyurem
56%
Arceus
54%
Landorus
52%
Tornadus
52%
Rotom
51%
Thundurus
51%
Genesect
49%
Cherrim
41%
Darmanitan
40%
Wormadam
39%
Deerling
35%
Sawsbuck
35%
Burmy
34%
Unown
31%
Gastrodon
29%
Shellos
29%
Basculin
24%
Pichu
15%

Score Distribution

Percentile by Number Answered

Percent of People with Each Score

Your Score History

You have not taken this quiz since the last reset